000
00298nam a22001217a 4500
020
_a
9788121916660
082
_a
532
_b
RAJ/TE
100
_a
Rajput, R.K
_9
80
245
_a
Textbook of fluid mechanics and hydraulic machines
250
_a
Rev
260
_a
New Delhi
_b
S.Chand & Co.
_c
2014
942
_c
BK
999
_c
14093
_d
14093